000 00760nmm a2200289 a 4500
003 AR-BaBNM
005 20251128204003.0
008 187119s1972 ||||||||||||||000 | spa||
040 _cAR-BaBNM
245 1 0 _aEntre Ríos
260 _aBuenos Aires
_bFray Mocho
_c1972
300 0 _a175 p.
_bil., láms.
650 4 _aGEOGRAFIA HISTORICA
650 4 _aHISTORIA CULTURAL
650 4 _aHIDROGRAFIA
650 4 _aGEOGRAFIA REGIONAL
650 4 _aZONAS GEOGRAFICAS Y PAISES
650 4 _aDATOS GEOGRAFICOS
650 4 _aHISTORIA PROVINCIAL ARGENTINA
650 4 _aHISTORIA ENTRERRIANA
650 4 _aMINERIA
651 4 _aEntre Ríos
653 0 _aGEOGRAFIA ARGENTINA
700 1 _aFavre, Ricardo
_eprologuista
942 _cBK
998 _cmariana
999 _c5731
_d5731